| 000 | 00708nam a22002532a 4500 | ||
|---|---|---|---|
| 999 |
_c9944 _d9944 |
||
| 001 | 9944 | ||
| 003 | BD - JhCC | ||
| 005 | 20180404095311.0 | ||
| 008 | 180403s1968 xx 000 0 eng d | ||
| 035 |
_aOCLC ocm00512697 from D950718M _a(BD - JhCC)9944 |
||
| 040 |
_aWBU _cWBU _dUKM _dEQO _dBD - JhCC |
||
| 041 | _aeng | ||
| 082 |
_a954.9 _218 _bFEL 1968 |
||
| 090 |
_aDS377 _b.F312P15 1968 |
||
| 100 | 1 | _aFeldman, Herbert. | |
| 245 | 0 | 0 |
_aPakistan: _ban introduction / _c Herbert Feldman, |
| 250 | _a[2d ed.] | ||
| 260 |
_aLahore : _bOxford University Press, _c1968. |
||
| 300 |
_a143 p. _billus., maps |
||
| 504 | _aBibliography: p. 137-143 | ||
| 651 | 0 | _aPakistan | |
| 942 |
_2ddc _cREF |
||